Movies Quiz

Random Movies or Box Office Quiz

Highest Grossing #3-5 Movies Quiz Stats

 Plays Quiz Updated Jul 8, 2018

Challenge
Share
Tweet
Score 0/25 Timer 10:00
1 Play Today
% Correct
Lincoln
91.5%
Slumdog Millionaire
90.6%
Alvin and the Chipmunks: The Squeakquel
89.1%
The Wolf of Wall Street
86.2%
The King's Speech
85%
Hairspray
84.3%
The Curious Case of Benjamin Button
82.6%
Les Misérables
78.6%
The Greatest Showman
75.2%
Silver Linings Playbook
74.1%
Life of Pi
72.2%
The Princess Diaries
72%
American Hustle
70.4%
% Correct
Seabiscuit
70.3%
Creed
68.7%
Crouching Tiger, Hidden Dragon
67.2%
Bad Moms
66.2%
Chicago
64.3%
As Good As It Gets
60.9%
Trainwreck
44.7%
American Beauty
43.8%
Fun with Dick and Jane
35.4%
It's Complicated
28.4%
Unbroken
26.5%
Epic
15.1%

You're not logged in!

Compare scores with friends on all Sporcle quizzes.
Join for Free
OR
Log In

You Might Also Like...

Show Comments

Extras

Top Quizzes Today


Score Distribution

Your Account Isn't Verified!

In order to create a playlist on Sporcle, you need to verify the email address you used during registration. Go to your Sporcle Settings to finish the process.

Report this User

Report this user for behavior that violates our Community Guidelines.

Details: